| 000 | 00570nam a22002297a 4500 | ||
|---|---|---|---|
| 001 | 87463 | ||
| 003 | UA-OsUOA | ||
| 005 | 20211017222432.0 | ||
| 007 | ta | ||
| 008 | 20120919b un ||||| |||| 00| 0 ukr d | ||
| 020 | _a5-250-00390-7 | ||
| 040 |
_aUA-OsUOA _brus _cUA-OsUOA _dUA-OsUOA |
||
| 041 | _arus | ||
| 080 | _a94(47+571) | ||
| 090 |
_a94(47+571) _bД28 |
||
| 245 |
_aДекреты Советской власти _b13 |
||
| 260 |
_aМ. _bПолитиздат _c1989 |
||
| 300 | _a574 с. | ||
| 650 | 7 |
_a94 Історія _2UDC |
|
| 942 |
_cBK _2udc |
||
| 955 | _a1 | ||
| 999 |
_c373786 _d373786 |
||